| 000 | 00839nam a2200253Ia 4500 | ||
|---|---|---|---|
| 005 | 20250117103625.0 | ||
| 008 | 008 250103s9999 xx 000 0 eng d | ||
| 020 | _a9780815363194 | ||
| 037 | _aTextual | ||
| 040 |
_aCSL _beng _cCSL |
||
| 041 |
_aeng _2eng |
||
| 084 |
_aB2T0bX:8 R3 _qCSL |
||
| 100 |
_aBaudin, Michel _9731991 |
||
| 245 | 0 |
_aIntroduction to manufacturing: An industial engineering and management perspective _cBaudin, Michel; Netland, Torbjorn |
|
| 260 |
_aNew York _bRoutledge _c2023 |
||
| 300 | _axvii, 781p. ill. | ||
| 650 |
_a Enhancing performance _9734284 |
||
| 650 |
_a Human engineering _9734285 |
||
| 650 |
_a Making information flow _9734286 |
||
| 650 | _aOperational Research | ||
| 700 |
_a Netland, Torbjorn _9731993 |
||
| 942 |
_cTEXL _hB2T0bX:8 R3 |
||
| 999 |
_c1237909 _d1237909 |
||